00285nam a2200109Ia 4500008004100000041001200041100001600053245004800069260003600117300000800153650001400161221030s9999 xx 000 0 und d aEnglish aJ & K Govt. 0aJammu & Kashmir Law Vol. IIcby J & K Govt. bRanbir Govt. PressaJammuc1941 a655 aJ & K Law